| 000 | 01047nas a2200361 4500 | ||
|---|---|---|---|
| 001 | BR0501679 | ||
| 003 | BR-BrBNA | ||
| 005 | 20231205105255.0 | ||
| 007 | ta | ||
| 008 | 230509b bl.|||p| |||| 00| 00por d | ||
| 040 |
_aBR-BrBNA _bpor _cBiblioteca Nacional de Agricultura |
||
| 041 | _a(Pt) | ||
| 072 | _aF08; F04; Q04 | ||
| 100 | 1 | _aFaria, E.C.D. de | |
| 100 | 1 | _aCarrijo, O.A. | |
| 100 | 1 | _aMoretti, C.L. | |
| 245 | 1 | _aAvaliação de fontes de cálcio na cultura do melão tipo 'Gália' sob cultivo protegido | |
| 650 | _aMELÃO | ||
| 650 | _aCUCUMIS MELO | ||
| 650 | _aFOLHA | ||
| 650 | _aCÁLCIO | ||
| 650 | _aABSORÇÃO DE NUTRIENTES | ||
| 650 | _aCOMPOSIÇÃO DE ALIMENTO | ||
| 650 | _aFERTIRRIGAÇÃO | ||
| 650 | _aFRUTO | ||
| 650 | _aPESO | ||
| 650 | _aQUALIDADE | ||
| 650 | _aCULTIVO PROTEGIDO | ||
| 650 | _aDISTRITO FEDERAL | ||
| 773 | 0 |
_tHorticultura Brasileira (Brazil) _xISSN 0102-0536 _g(Jul-Sep 2004), v. 22(3) p. 557-561 _wBR0501679 |
|
| 909 |
_a202311 _bLúcia _c55 _dLúcia Elande |
||
| 942 |
_2AGRIS _n0 _cANA |
||
| 999 |
_c182125 _d182125 |
||